Closest Genetic Populations to the Belgians - Statistics

General Stats
  • This quiz has been taken 19 times
  • The average score is 10 of 12
Answer Stats
Genetic Distance Answer % Correct
1.779 Dutch
100%
1.229 French
100%
1.902 German
100%
2.889 Danish
89%
1.648 English
89%
2.486 Irish
89%
2.027 Austrian
83%
3.130 Italian
78%
3.237 Norwegian
72%
2.032 Scottish
67%
1.805 Welsh
67%
2.402 Breton
28%
No matching quizzes found
Score Distribution
Percent of People with Each Score
Percentile by Number Answered
Your Score History
You have not taken this quiz